| 000 | 00854nam a22002652 4500 | ||
|---|---|---|---|
| 001 | 0000020351 | ||
| 003 | OSt | ||
| 005 | 20250206160152.0 | ||
| 008 | 250206s xx 000 0 eng d | ||
| 020 | _a9780702081545 | ||
| 040 |
_aKABU _cKABU |
||
| 050 |
_aRS200 _b.A95 2022 |
||
| 245 | 1 | 0 |
_aAulton's pharmaceutics : _bthe design and manufacture of medicines / _cedited by Michael E. Aulton, Kevin M.G. Taylor. |
| 250 | _a6th ed. | ||
| 260 |
_aLondon : _bElsevier, _c2022. |
||
| 300 | _axi, 918 p. | ||
| 504 | _aIncludes bibliographical references and index | ||
| 650 | 0 |
_aDrugs _xDosage forms. |
|
| 650 | 0 |
_aDrugs _xDesign. |
|
| 650 | 0 | _aDosage forms. | |
| 700 | 1 |
_aAulton, Michael E. _eEditor |
|
| 700 | 1 |
_aTaylor, Kevin M.G. _eEditor |
|
| 942 |
_2lcc _cBK _e6th _hRS200 _i.A95 2024 |
||
| 999 |
_c20624 _d20623 |
||